Statistics for Elements by Atomic Number #1

Click here to take the quiz!

General Stats

  • This quiz has been taken 26 times
    (22 since last reset)
  • The average score is 10 of 15

Answer Stats

Atomic NumberElement% Correct
2Helium
100%
1Hydrogen
100%
13Aluminium
82%
118Oganesson
82%
16Sulfur
82%
32Germanium
76%
36Krypton
76%
117Tennessine
76%
56Barium
65%
52Tellurium
59%
74Tungsten
59%
72Hafnium
47%
75Rhenium
47%
66Dysprosium
41%
62Samarium
41%

Score Distribution

Percentile by Number Answered

Percent of People with Each Score

Your Score History

You have not taken this quiz since the last reset